[Event "Titled Tuesday intern op 12th Sep Late"]
[Site "Chess.com INT"]
[Date "2023.09.12"]
[Round "2"]
[White "Huang, Youhe"]
[Black "Ismayil, Malak"]
[Result "0-1"]
[WhiteElo "2083"]
[BlackElo "2148"]
[PlyCount "92"]
[EventDate "2023.09.12"]
[EventType "swiss (blitz)"]
[EventRounds "11"]
[EventCountry "USA"]
[SourceTitle "EXT 2024"]
[Source "ChessBase"]
[SourceDate "2023.10.10"]
[SourceVersion "1"]
[SourceVersionDate "2023.10.10"]
[SourceQuality "1"]

1. d4 Nf6 2. c4 e6 3. Nf3 d5 4. Nc3 Be7 5. cxd5 exd5 6. Bf4 0-0 7. e3 c6 8. Bd3 Bg4 9. Qc2 Nbd7 10. Ne5 Bh5 11. g4 Bg6 12. h4 Bxd3 13. Qxd3 Bb4 14. h5 Ne4 15. f3 Nd6 16. h6 g6 17. g5 Nb5 18. Kf2 Nxe5 19. Bxe5 Nxc3 20. bxc3 Bd6 21. f4 Bxe5 22. dxe5 Qd7 23. Kg3 Rad8 24. Rab1 b5 25. Qd4 a6 26. a4 Rc8 27. Rhd1 Qe7 28. axb5 axb5 29. Qb4 Qe6 30. e4 dxe4 31. Qxe4 Rfd8 32. Ra1 Rd5 33. Rxd5 cxd5 34. Qd4 Rb8 35. Ra7 Rd8 36. Rb7 Kf8 37. Qc5+ Kg8 38. Qd4 Kf8 39. Rxb5 Qc6 40. Qb4+ Kg8 41. Rc5 Qa6 42. Qd4 Qa2 43. Qxd5 Qxd5 44. Rc8 Rxc8 45. f5 Rxc3+ 46. Kf4 Qd4# 0-1

[Event "Titled Tuesday intern op 05th Sep Early"]
[Site "Chess.com INT"]
[Date "2023.09.05"]
[Round "4"]
[White "Dahlgren, James Allen"]
[Black "Huang, Youhe"]
[Result "0-1"]
[WhiteElo "1770"]
[BlackElo "2083"]
[PlyCount "88"]
[EventDate "2023.09.05"]
[EventType "swiss (blitz)"]
[EventRounds "11"]
[EventCountry "USA"]
[SourceTitle "EXT 2024"]
[Source "ChessBase"]
[SourceDate "2023.10.10"]
[SourceVersion "1"]
[SourceVersionDate "2023.10.10"]
[SourceQuality "1"]

1. e4 e5 2. Nc3 Nc6 3. Nf3 Nf6 4. d4 exd4 5. Nd5 Nb4 6. Nxd4 Nbxd5 7. exd5 Nxd5 8. Nf5 Nf6 9. Qe2+ Be7 10. Nxg7+ Kf8 11. Bh6 Kg8 12. Nf5 Bf8 13. 0-0-0 Bxh6+ 14. Nxh6+ Kf8 15. g4 d6 16. g5 Ng8 17. f4 Nxh6 18. gxh6 Qf6 19. Bg2 Qxf4+ 20. Kb1 Qxh6 21. Rdf1 Be6 22. Bxb7 Rb8 23. Be4 Ke7 24. Rf3 Qg7 25. b3 Rb4 26. Rhf1 Rf8 27. Qd3 a5 28. Bxh7 a4 29. Bf5 axb3 30. axb3 Ra8 31. Qc3 Qxc3 32. Rxc3 c5 33. Bxe6 fxe6 34. h4 Rh8 35. Rcf3 Rh7 36. Rh1 Rbxh4 37. Rxh4 Rxh4 38. Re3 Kf6 39. Kb2 Rh2 40. Rf3+ Ke5 41. Rg3 d5 42. Rg5+ Kd6 43. Rg7 d4 44. Rg5 d3 0-1

[Event "Titled Tuesday intern op 05th Sep Early"]
[Site "Chess.com INT"]
[Date "2023.09.05"]
[Round "8"]
[White "Nilsen, Tobias Lang"]
[Black "Huang, Youhe"]
[Result "1-0"]
[WhiteElo "2219"]
[BlackElo "2083"]
[PlyCount "99"]
[EventDate "2023.09.05"]
[EventType "swiss (blitz)"]
[EventRounds "11"]
[EventCountry "USA"]
[SourceTitle "EXT 2024"]
[Source "ChessBase"]
[SourceDate "2023.10.10"]
[SourceVersion "1"]
[SourceVersionDate "2023.10.10"]
[SourceQuality "1"]

1. f4 d5 2. Nf3 h5 3. d3 Nh6 4. e4 dxe4 5. dxe4 Qxd1+ 6. Kxd1 Bg4 7. Be2 Nc6 8. c3 0-0-0+ 9. Kc2 e5 10. h3 Bxf3 11. Bxf3 h4 12. f5 f6 13. Be3 Nf7 14. Nd2 b6 15. a4 a5 16. Nc4 Nd6 17. Nxd6+ Bxd6 18. Be2 Bc5 19. Bxc5 bxc5 20. Ba6+ Kb8 21. Bc4 Rh5 22. Bd5 Ne7 23. Bc4 Rg5 24. Rhg1 g6 25. fxg6 Nxg6 26. Ra3 Nf4 27. Rb3+ Ka7 28. Rb5 Nxg2 29. Rxa5+ Kb6 30. Rb5+ Kc6 31. Kb3 Nf4 32. Ra1 Rg2 33. a5 Rdd2 34. Ra2 Ne2 35. Bxe2 Rgxe2 36. Rb8 Rxe4 37. a6 c4+ 38. Kb4 Ree2 39. Ka3 Rd5 40. Kb4 Rdd2 41. a7 Rxb2+ 42. Rxb2 Rxb2+ 43. Kxc4 Ra2 44. a8Q+ Rxa8 45. Rxa8 f5 46. Rf8 f4 47. Rf5 Kd6 48. Kd3 Ke6 49. Ke4 c5 50. Rxe5+ 1-0

[Event "CAN-ch"]
[Site "Toronto"]
[Date "2023.04.10"]
[Round "8"]
[White "Huang, Youhe"]
[Black "Latreille, Etienne"]
[Result "1-0"]
[WhiteElo "2068"]
[BlackElo "1814"]
[PlyCount "87"]
[EventDate "2023.04.06"]
[EventType "swiss"]
[EventRounds "9"]
[EventCountry "CAN"]
[SourceTitle "CBM 213 Extra"]
[Source "ChessBase"]
[SourceDate "2023.05.31"]
[SourceVersion "1"]
[SourceVersionDate "2023.05.31"]
[SourceQuality "1"]

1. e4 c5 2. Nc3 Nc6 3. Bb5 g6 4. Bxc6 dxc6 5. d3 e5 6. Nf3 Bg7 7. 0-0 Ne7 8. Be3 b6 9. Qc1 h6 10. a4 a5 11. Nd2 g5 12. Nc4 Ng6 13. Ne2 Be6 14. b3 Rb8 15. Ng3 Nf4 16. Qd2 Rb7 17. Rad1 0-0 18. Rfe1 Re8 19. f3 Rd7 20. Ne2 Kh7 21. g3 Ng6 22. Kg2 f5 23. exf5 Bxf5 24. Nc3 g4 25. Qf2 Rf7 26. fxg4 Be4+ 27. dxe4 Rxf2+ 28. Bxf2 Qc7 29. Nd6 Rd8 30. Nf5 Bf8 31. h4 c4 32. bxc4 Bb4 33. Rxd8 Qxd8 34. Rd1 Qc7 35. Ne2 Qf7 36. Be3 Qxc4 37. Rd7+ Kh8 38. Kf3 Nf8 39. Rb7 b5 40. Nxh6 bxa4 41. g5 a3 42. h5 Qe6 43. Nf4 exf4 44. Bd4+ 1-0

[Event "CAN-ch"]
[Site "Toronto"]
[Date "2023.04.06"]
[Round "1"]
[White "Chen, Richard1111"]
[Black "Huang, Youhe"]
[Result "0-1"]
[WhiteElo "1834"]
[BlackElo "2068"]
[PlyCount "84"]
[EventDate "2023.04.06"]
[EventType "swiss"]
[EventRounds "9"]
[EventCountry "CAN"]
[SourceTitle "CBM 213 Extra"]
[Source "ChessBase"]
[SourceDate "2023.05.31"]
[SourceVersion "1"]
[SourceVersionDate "2023.05.31"]
[SourceQuality "1"]

1. e4 c5 2. Nf3 d6 3. d4 cxd4 4. Nxd4 Nf6 5. Nc3 a6 6. Bc4 e6 7. a4 Nc6 8. 0-0 Qc7 9. Be3 Be7 10. Qe2 0-0 11. Rad1 Bd7 12. f4 Nxd4 13. Bxd4 e5 14. fxe5 dxe5 15. Nd5 Nxd5 16. exd5 Bd6 17. Bc3 Bxa4 18. Bd3 Bb5 19. Bxb5 Qb6+ 20. Rf2 axb5 21. Bxe5 Rae8 22. Bd4 Bxh2+ 23. Kf1 Qh6 24. Qg4 Bg3 25. Qh3 Qxh3 26. gxh3 Bxf2 27. Kxf2 Re4 28. Bb6 Re7 29. Bc5 Rc7 30. Bxf8 Rxc2+ 31. Ke3 Kxf8 32. Ra1 Ke7 33. Ra7 Rc7 34. Kd4 Kd6 35. b3 Rc5 36. Rxb7 Rxd5+ 37. Ke4 Rh5 38. Rxf7 Rh4+ 39. Kf3 Rxh3+ 40. Kg2 Rh6 41. Rxg7 Rg6+ 42. Rxg6+ hxg6 0-1

[Event "Titled Tuesday intern op 14th Feb Early"]
[Site "Chess.com INT"]
[Date "2023.02.14"]
[Round "1"]
[White "Pantsulaia, Levan"]
[Black "Huang, Youhe"]
[Result "0-1"]
[WhiteElo "2597"]
[BlackElo "2052"]
[PlyCount "82"]
[EventDate "2023.02.14"]
[EventType "swiss (blitz)"]
[EventRounds "11"]
[EventCountry "USA"]
[SourceTitle "CBM 212 Extra"]
[Source "ChessBase"]
[SourceDate "2023.03.31"]
[SourceVersion "1"]
[SourceVersionDate "2023.03.31"]
[SourceQuality "1"]

1. Nf3 d5 2. c4 c6 3. g3 Bg4 4. Ne5 Bh5 5. Qb3 Nd7 6. d4 Nxe5 7. dxe5 Qb6 8. cxd5 Qxb3 9. axb3 cxd5 10. Nc3 e6 11. Nb5 Kd7 12. Rxa7 Rxa7 13. Nxa7 Bc5 14. Nb5 Kc6 15. Nc3 Bd4 16. f4 Ne7 17. e3 Bc5 18. Bd3 Ra8 19. Na4 b5 20. Nxc5 Ra1 21. Kf2 Kxc5 22. Bxh7 g6 23. h3 Ra8 24. g4 Rh8 25. gxh5 Rxh7 26. hxg6 fxg6 27. Bd2 Nf5 28. Rc1+ Kb6 29. Kg2 Ra7 30. Kf3 Ra2 31. Bc3 b4 32. Bxb4 Rxb2 33. Bc5+ Kb5 34. Ba7 Rxb3 35. Rc8 d4 36. Rb8+ Kc4 37. Rxb3 Kxb3 38. Bxd4 Kc4 39. Ba7 Kd3 40. e4 Ng7 41. Bc5 Nh5 0-1

[Event "Titled Tuesday intern op 31st Jan Late"]
[Site "Chess.com INT"]
[Date "2023.01.31"]
[Round "3"]
[White "Bilych, Olexiy"]
[Black "Huang, Youhe"]
[Result "1-0"]
[WhiteElo "2416"]
[BlackElo "2067"]
[PlyCount "47"]
[EventDate "2023.01.31"]
[EventType "swiss (blitz)"]
[EventRounds "11"]
[EventCountry "USA"]
[SourceTitle "CBM 212 Extra"]
[Source "ChessBase"]
[SourceDate "2023.03.31"]
[SourceVersion "1"]
[SourceVersionDate "2023.03.31"]
[SourceQuality "1"]

1. d4 Nf6 2. c4 e6 3. Nf3 d5 4. cxd5 exd5 5. Nc3 Bf5 6. Qb3 Nc6 7. Bg5 Na5 8. Qa4+ c6 9. Bxf6 gxf6 10. e3 b5 11. Qd1 Nc4 12. Bxc4 bxc4 13. 0-0 Qb6 14. b3 Qa5 15. Na4 c3 16. Rc1 c2 17. Rxc2 Bxc2 18. Qxc2 Rc8 19. Qf5 Qd8 20. e4 Be7 21. Re1 0-0 22. Re3 dxe4 23. Ng5 fxg5 24. Rh3 1-0

[Event "Titled Tuesday intern op 31st Jan Late"]
[Site "Chess.com INT"]
[Date "2023.01.31"]
[Round "1"]
[White "Boros, Denes"]
[Black "Huang, Youhe"]
[Result "1-0"]
[WhiteElo "2402"]
[BlackElo "2067"]
[PlyCount "67"]
[EventDate "2023.01.31"]
[EventType "swiss (blitz)"]
[EventRounds "11"]
[EventCountry "USA"]
[SourceTitle "CBM 212 Extra"]
[Source "ChessBase"]
[SourceDate "2023.03.31"]
[SourceVersion "1"]
[SourceVersionDate "2023.03.31"]
[SourceQuality "1"]

1. e4 c5 2. b3 Nf6 3. Nc3 d5 4. exd5 Nxd5 5. Bc4 Nxc3 6. Qf3 e6 7. dxc3 Be7 8. Bf4 0-0 9. Ne2 Nc6 10. 0-0 e5 11. Be3 Qc7 12. Ng3 Be6 13. Bxe6 fxe6 14. Qg4 Rf6 15. Ne4 Rg6 16. Qh3 b6 17. Rad1 Rf8 18. Rd3 c4 19. Rd2 Qb7 20. f3 Qa6 21. a4 cxb3 22. cxb3 Na5 23. Rb1 Qb7 24. Kh1 Qc6 25. Rd3 Nxb3 26. Rbd1 Qxa4 27. Qh5 Nc5 28. Bxc5 Bxc5 29. Qxe5 Qa2 30. R3d2 Qc4 31. Qc7 h5 32. Rd8 h4 33. Rxf8+ Bxf8 34. Qxc4 1-0

[Event "Titled Tuesday intern op 31st Jan Late"]
[Site "Chess.com INT"]
[Date "2023.01.31"]
[Round "6"]
[White "Huang, Youhe"]
[Black "Kavutskiy, Konstantin"]
[Result "1-0"]
[WhiteElo "2067"]
[BlackElo "2393"]
[PlyCount "55"]
[EventDate "2023.01.31"]
[EventType "swiss (blitz)"]
[EventRounds "11"]
[EventCountry "USA"]
[SourceTitle "CBM 212 Extra"]
[Source "ChessBase"]
[SourceDate "2023.03.31"]
[SourceVersion "1"]
[SourceVersionDate "2023.03.31"]
[SourceQuality "1"]

1. a3 g6 2. h4 h5 3. e4 Nc6 4. Nc3 Bg7 5. Bc4 e6 6. Nge2 Nf6 7. d4 d5 8. Bd3 dxe4 9. Nxe4 Nxe4 10. Bxe4 Ne7 11. Bg5 Qd6 12. Qd3 c5 13. Qb5+ Bd7 14. Qxc5 Qxc5 15. dxc5 Bxb2 16. Rb1 Bxa3 17. Rxb7 Bxc5 18. 0-0 Rc8 19. Rd1 Bc6 20. Bxc6+ Nxc6 21. Ng3 0-0 22. Ne4 Bb6 23. Bh6 Rfd8 24. Nf6+ Kh8 25. Rxf7 Rxd1+ 26. Kh2 Bc7+ 27. g3 Rd7 28. Bg7# 1-0

[Event "North American op 32nd"]
[Site "Las Vegas"]
[Date "2022.12.26"]
[Round "2"]
[White "Matviishen, Viktor"]
[Black "Huang, Youhe"]
[Result "1-0"]
[WhiteElo "2527"]
[BlackElo "2072"]
[PlyCount "91"]
[EventDate "2022.12.26"]
[EventType "swiss"]
[EventRounds "9"]
[EventCountry "USA"]
[SourceTitle "CBM 211 Extra"]
[Source "ChessBase"]
[SourceDate "2023.01.31"]
[SourceVersion "1"]
[SourceVersionDate "2023.01.31"]
[SourceQuality "1"]

1. d4 d5 2. c4 e6 3. Nf3 c6 4. e3 Nf6 5. Qc2 Nbd7 6. b3 Bd6 7. Bb2 Qe7 8. Nbd2 0-0 9. Ne5 c5 10. Bd3 b6 11. 0-0 Bb7 12. Nxd7 Qxd7 13. dxc5 bxc5 14. Bxf6 gxf6 15. cxd5 exd5 16. Qd1 Kg7 17. Qh5 Rh8 18. Nf3 Rag8 19. Nh4 Be5 20. Rac1 h6 21. Rxc5 Bxh2+ 22. Kh1 Bd6 23. Nf5+ Kf8 24. Nxd6 Qxd6 25. Rfc1 Rg5 26. Qh2 Qxh2+ 27. Kxh2 Rhg8 28. g3 d4 29. exd4 Rg4 30. Rb5 Bf3 31. Rf5 Bb7 32. Rc7 Rxd4 33. Bc4 Be4 34. Rxf6 Rg5 35. Rfxf7+ Ke8 36. Rc8+ Rd8 37. Rxd8+ Kxd8 38. f3 Bc6 39. Kg2 h5 40. Kh3 a5 41. f4 Rc5 42. Kh4 Bd7 43. Rg7 a4 44. Rg5 Rxg5 45. Kxg5 axb3 46. axb3 1-0

[Event "Toronto"]
[Site "Toronto"]
[Date "2022.10.17"]
[Round "5"]
[White "Jaferian, Koosha"]
[Black "Huang, Youhe"]
[Result "0-1"]
[WhiteElo "2236"]
[BlackElo "1968"]
[PlyCount "92"]
[EventDate "2022.09.12"]
[EventType "tourn"]
[EventRounds "9"]
[EventCountry "CAN"]
[SourceTitle "EXT 2024"]
[Source "ChessBase"]
[SourceDate "2023.10.10"]
[SourceVersion "1"]
[SourceVersionDate "2023.10.10"]
[SourceQuality "1"]

1. d4 d5 2. c4 e6 3. Nc3 c6 4. e3 Nf6 5. Nf3 Nbd7 6. Be2 Bd6 7. 0-0 0-0 8. b3 b6 9. Bb2 Bb7 10. Bd3 c5 11. cxd5 exd5 12. Rc1 Re8 13. Ne2 Rc8 14. Ng3 Bf8 15. dxc5 bxc5 16. Bf5 Rc7 17. Qd2 Bd6 18. Rfd1 Ne5 19. Nxe5 Bxe5 20. Bxe5 Rxe5 21. Qa5 Qe7 22. Qxa7 g6 23. Bh3 h5 24. Qb8+ Kg7 25. b4 h4 26. Nf1 c4 27. Nd2 g5 28. g3 g4 29. Bg2 h3 30. Bh1 Rxe3 31. Nf1 Ra3 32. Re1 Qd7 33. b5 Ra8 34. Qxc7 Qxc7 35. Ne3 Rxa2 36. Nf5+ Kg6 37. Ne7+ Kh7 38. Nf5 Qb6 39. Ne3 Qd4 40. Rcd1 Qb2 41. Rf1 Qxb5 42. Rb1 Rb2 43. Rbd1 c3 44. Nf5 c2 45. Rc1 Qxf1+ 46. Rxf1 Rb1 0-1

[Event "Toronto"]
[Site "Toronto"]
[Date "2022.10.03"]
[Round "4"]
[White "Huang, Youhe"]
[Black "Gavrilin, Roman"]
[Result "1/2-1/2"]
[WhiteElo "1968"]
[BlackElo "2113"]
[PlyCount "63"]
[EventDate "2022.09.12"]
[EventType "tourn"]
[EventRounds "9"]
[EventCountry "CAN"]
[SourceTitle "EXT 2024"]
[Source "ChessBase"]
[SourceDate "2023.10.10"]
[SourceVersion "1"]
[SourceVersionDate "2023.10.10"]
[SourceQuality "1"]

1. e4 c5 2. Nf3 d6 3. d4 cxd4 4. Nxd4 Nf6 5. Nc3 a6 6. Nb3 e6 7. g4 d5 8. Bg2 Bb4 9. Bd2 0-0 10. g5 Bxc3 11. Bxc3 Nxe4 12. Bxe4 dxe4 13. Rg1 Nc6 14. Qe2 e5 15. Qxe4 Be6 16. Nd2 Qd5 17. Qxd5 Bxd5 18. 0-0-0 Rad8 19. Rde1 Rfe8 20. Re3 Re7 21. h4 Kf8 22. Rge1 Rde8 23. Nf1 f5 24. gxf6 gxf6 25. Ng3 Kf7 26. Nf5 Rd7 27. Rg3 Red8 28. Nh6+ Kf8 29. Ng4 Kf7 30. Nh6+ Kf8 31. Ng4 Kf7 32. Nh6+ 1/2-1/2